00555nam a2200193Ia 4500008004100000020000700041082001200048100002000060245002700080250000800107260002900115300001400144500001900158600003300177650001200210942000700222952011700229999001500346240925s9999 xx 000 0 und d aNA a530 NEL aNelkon, Michael 0aAdvance level physics  a6th aHaryana:bNewnesc,1987. a0bNAfNA aIncludes Index aHumanities & Natural Science aPhysics cBK 011440708HUMaUITUbUITUd1999-02-20eWasem Book Ridl0o530 NELpQ1937r2024-09-25 07:12:36w2024-09-25yBK c4436d4436